[Event "va outro :P"]
[Site "http://www.queenalice.com/game.php?id=220967"]
[Date "2007.6.5"]
[Round "-"]
[White "Rijo"]
[Black "papiro"]
[Result "0-1"]
[WhiteElo "1295"]
[BlackElo "1620"]

1. g3 e5 2. Bg2 d5 3. Nf3 e4 4. Nh4 Be7 5. d3 Nf6 6. f3 O-O 7. fxe4 dxe4 8. dxe4
Qxd1+ 9. Kxd1 Ng4 10. Bf3 Nf2+ 11. Ke1 Nxh1 12. Bxh1 Bxh4 13. gxh4 Na6 14. Bf4
Nb4 15. Kd2 c6 16. c3 Rd8+ 17. Kc1 Bg4 18. Bf3 Bxf3 19. exf3 Nd3+ 20. Kc2 Nxf4
21. Na3 b5 22. Kb3 Rd3 23. Nc2 c5 24. a4 bxa4+ 25. Rxa4 Rxf3 26. Kc4 Ne6 27. Ne1
Rh3 28. b4 Rxh4 29. bxc5 Rxe4+ 30. Kb5 Rxa4 31. c6 Ra1 32. Nd3 Rb8+ 33. Kc4 Ra4+
34. Nb4 a5 35. Kd5 axb4 36. cxb4 Raxb4 37. Kd6 Rd8+ 38. Ke5 Rb5+ 0-1

[Event "Challenge"]
[Site "http://www.queenalice.com/game.php?id=224480"]
[Date "2007.6.13"]
[Round "-"]
[White "fornov_ik"]
[Black "papiro"]
[Result "0-1"]
[WhiteElo "1500"]
[BlackElo "1595"]

1. g4 e5 2. e4 Nf6 3. Nc3 d5 4. d4 Nxe4 5. Nxe4 dxe4 6. dxe5 Qxd1+ 7. Kxd1 Bxg4+
8. Be2 Bxe2+ 9. Nxe2 Nc6 10. Bf4 Rd8+ 11. Bd2 Nxe5 12. Re1 Nf3 13. Rf1 Nxd2 14.
Rg1 Nb3+ 15. Ke1 Nxa1 16. Kf1 Rd1+ 17. Kg2 Rxg1+ 18. Kxg1 Nxc2 19. a3 Bc5 20.
Kg2 O-O 21. h4 Re8 22. a4 e3 23. f3 Ne1+ 24. Kf1 Nxf3 25. h5 g5 26. Kg2 Nd4 27.
Kf1 Nxe2 28. Kxe2 Re5 29. Ke1 Rf5 30. a5 Rf2 31. a6 Bb4+ 32. Kd1 e2+ 33. Kc2
e1=Q+ 34. Kb3 Rf4 35. axb7 Qe6+ 36. Kc2 Rf2+ 37. Kb1 Qe4+ 38. Ka2 Qxb7 39. Kb3
Be7+ 0-1

[Event "Rapidinho"]
[Site "http://www.queenalice.com/game.php?id=224545"]
[Date "2007.6.13"]
[Round "3"]
[White "Rijo"]
[Black "papiro"]
[Result "0-1"]
[WhiteElo "1324"]
[BlackElo "1607"]

1. e4 e5 2. Nc3 c5 3. a3 a6 4. b4 b5 5. d3 c4 6. dxc4 bxc4 7. Bxc4 Nf6 8. Nf3 d6
9. b5 axb5 10. Nxb5 Nxe4 11. Bd5 Ra5 12. Bc6+ Bd7 13. Bxd7+ Qxd7 14. a4 Qc6 15.
O-O Nc3 16. Qd2 Rxa4 17. Rb1 Nxb1 18. Qd3 e4 19. Re1 Be7 20. Qb3 Ra5 21. Nbd4
Qa8 22. Qxb1 exf3 23. gxf3 O-O 24. Rxe7 Nc6 25. Rc7 Nxd4 26. Kg2 Qxf3+ 27. Kf1
Qe2+ 28. Kg2 Rb5 29. Bb2 Rg5+ 30. Kh3 Qf3+ 31. Kh4 Qg4# 0-1

[Event "Challenge"]
[Site "http://www.queenalice.com/game.php?id=226356"]
[Date "2007.6.17"]
[Round "-"]
[White "drpehrson"]
[Black "papiro"]
[Result "0-1"]
[WhiteElo "1604"]
[BlackElo "1600"]

1. c4 e5 2. g3 c5 3. Bg2 Nf6 4. e3 a6 5. h3 d6 6. d3 Ra7 7. Ne2 b5 8. b3 b4 9.
O-O Be7 10. a3 a5 11. Nd2 O-O 12. f4 exf4 13. Nxf4 d5 14. Nxd5 Nxd5 15. Bxd5
Bxh3 16. Rf2 Bg5 17. Nf3 Bg4 18. Qf1 Bf6 19. Raa2 h6 20. e4 Nd7 21. Nh2 Be6 22.
Bxe6 fxe6 23. Ng4 Bd4 24. Ne3 Qg5 25. Rxf8+ Nxf8 26. Kg2 Bxe3 27. Bxe3 Qxe3 28.
a4 Rf7 29. Rf2 Rxf2+ 30. Qxf2 Qxf2+ 31. Kxf2 g5 32. Kf3 h5 33. e5 Kg7 34. g4 h4
35. Ke3 Ng6 36. d4 cxd4+ 37. Kxd4 h3 38. c5 h2 39. c6 h1=Q 40. Kc5 Qd5+ 41. Kb6
Ne7 42. c7 Qc6+ 43. Ka7 Qxc7+ 44. Ka6 Qxe5 45. Kb6 Qd5 46. Ka6 Qxb3 47. Kxa5 Qa3
48. Kb5 b3 49. a5 b2 50. a6 b1=Q+ 51. Kc4 Qad3+ 52. Kc5 Qc1+ 0-1

[Event "Challenge"]
[Site "http://www.queenalice.com/game.php?id=229022"]
[Date "2007.6.22"]
[Round "-"]
[White "JRambo"]
[Black "papiro"]
[Result "0-1"]
[WhiteElo "1497"]
[BlackElo "1612"]

1. d4 d5 2. h3 Nf6 3. Bf4 e6 4. a3 Bd6 5. Bxd6 Qxd6 6. Nc3 O-O 7. e3 a5 8. Nb5
Qb6 9. Bd3 Bd7 10. a4 Nc6 11. c3 Na7 12. Nf3 Nxb5 13. Bxb5 Bxb5 14. axb5 Qxb5
15. Qc2 c5 16. Ne5 cxd4 17. exd4 b6 18. c4 dxc4 19. O-O Rad8 20. Rfd1 Rc8 21. f4
Nd5 22. Qe2 Nxf4 23. Qe4 Nh5 24. Qb7 Rb8 25. Qf3 Nf6 26. Qa3 Qb4 27. Qf3 Qxb2
28. Rab1 Qc2 29. g4 Qe4 30. Qxe4 Nxe4 31. Nd7 Nc3 32. Rxb6 Rxb6 0-1

[Event "AUTO-INT-370"]
[Site "http://www.queenalice.com/game.php?id=235406"]
[Date "2007.7.6"]
[Round "2"]
[White "papiro"]
[Black "jablonski"]
[Result "0-1"]
[WhiteElo "1608"]
[BlackElo "1814"]

1. e4 e5 2. d4 exd4 3. Qxd4 Nc6 4. Qd1 Nf6 5. Nc3 Bb4 6. Bd2 Qe7 7. a3 Bxc3 8.
Bxc3 Nxe4 9. Ne2 Nxc3 10. bxc3 O-O 11. a4 Re8 12. g3 b6 13. Bg2 Ba6 14. Bf3 Qf6
15. Qd5 Qxc3+ 16. Qd2 Qxa1+ 17. Qd1 Qc3+ 18. Kf1 Qxf3 19. Rg1 Bxe2+ 20. Qxe2
Qxe2+ 21. Kg2 Nd4 22. c3 Qf3+ 23. Kf1 Qxc3 24. Kg2 Nf3 0-1

[Event "AUTO-INT-370"]
[Site "http://www.queenalice.com/game.php?id=235407"]
[Date "2007.7.6"]
[Round "2"]
[White "jablonski"]
[Black "papiro"]
[Result "1-0"]
[WhiteElo "1806"]
[BlackElo "1616"]

1. e4 e5 2. Nf3 Nc6 3. d4 exd4 4. Nxd4 Nxd4 5. Qxd4 d6 6. Bc4 c5 7. Qd3 Qf6 8.
Nc3 Nh6 9. Nd5 Qd8 10. Bxh6 gxh6 11. Qc3 Bd7 12. Qxh8 b5 13. Nf6+ Ke7 14. Bd5
Rb8 15. Ng8+ Ke8 16. Qxh7 Qe7 17. Nxe7 Bxe7 18. Qg8+ Bf8 19. Qxf7+ Kd8 20. Qxf8+
Kc7 21. Qxh6 a5 22. O-O b4 23. Qh7 Re8 24. f4 a4 25. f5 1-0

[Event "PORTUGAL"]
[Site "http://www.queenalice.com/game.php?id=236439"]
[Date "2007.7.8"]
[Round "2"]
[White "papiro"]
[Black "Tosta"]
[Result "0-1"]
[WhiteElo "1623"]
[BlackElo "1947"]

1. e4 d6 2. d4 Nf6 3. Nc3 g6 4. d5 Bg7 5. Nh3 c6 6. dxc6 bxc6 7. b4 Nxe4 8. Nxe4
Bxa1 9. c3 d5 10. Bd2 dxe4 11. Qxa1 Bxh3 12. gxh3 Nd7 13. c4 Nf6 14. b5 cxb5 15.
cxb5 Qd5 16. a4 e3 17. Bxe3 Qxh1 18. a5 O-O 19. a6 Rfd8 20. Qb1 Nd5 21. Bc5 Nc3
22. Qc1 Rd1+ 23. Qxd1 Nxd1 24. Bd4 Rd8 25. Bxa7 Nc3 26. b6 Rd1# 0-1

[Event "Jony"]
[Site "http://www.queenalice.com/game.php?id=251340"]
[Date "2007.8.5"]
[Round "4"]
[White "papiro"]
[Black "Rijo"]
[Result "1-0"]
[WhiteElo "1632"]
[BlackElo "1292"]

1. e4 e5 2. Nf3 Nc6 3. Bc4 f6 4. O-O a6 5. a3 b5 6. Bd5 Bb7 7. b4 g5 8. d3 a5 9.
bxa5 Rxa5 10. Qd2 Ba8 11. Bxc6 Ra4 12. Bxb5 Rd4 13. Nxd4 exd4 14. Bb2 Bc5 15. c3
dxc3 16. Qxc3 Qe7 17. Nd2 c6 18. Ba6 Nh6 19. d4 Bb6 20. f3 c5 21. Kh1 d6 22.
dxc5 dxc5 23. Rfe1 O-O 24. Rad1 g4 25. f4 Rf7 26. Bc4 Kf8 27. Bxf7 Kxf7 28.
Qxf6+ 1-0

[Event "Challenge"]
[Site "http://www.queenalice.com/game.php?id=260658"]
[Date "2007.8.24"]
[Round "-"]
[White "papiro"]
[Black "marcosbratz"]
[Result "1-0"]
[WhiteElo "1620"]
[BlackElo "1740"]

1. e4 e5 2. Nf3 Nc6 3. Bc4 Bc5 4. O-O Nf6 5. Ng5 O-O 6. a3 d6 7. b4 Bb6 8. d3
Qe7 9. Nc3 Be6 10. Nxe6 fxe6 11. b5 Nd4 12. Na4 d5 13. Nxb6 axb6 14. Ba2 Nxb5
15. exd5 exd5 16. c4 dxc4 17. Bxc4+ Kh8 18. Bxb5 c6 19. Ba4 b5 20. Bb3 Rfd8 21.
Re1 e4 22. d4 Ra5 23. h3 c5 24. Bd2 b4 25. axb4 Rxa1 26. Qxa1 cxb4 27. f3 b5 28.
Bg5 Qf8 29. fxe4 Ra8 30. Qb2 h6 31. Bd2 Rd8 32. Rf1 Qe7 33. Bc2 Nxe4 34. Re1 Qd6
35. Rxe4 Qb6 36. Bxb4 Rd5 37. Re8# 1-0

[Event "Vingança"]
[Site "http://www.queenalice.com/game.php?id=264570"]
[Date "2007.8.31"]
[Round "-"]
[White "csegura"]
[Black "papiro"]
[Result "0-1"]
[WhiteElo "1392"]
[BlackElo "1645"]

1. e4 e5 2. Bc4 Nf6 3. f3 Bc5 4. c3 O-O 5. d4 exd4 6. cxd4 Bb4+ 7. Bd2 Bxd2+ 8.
Qxd2 d5 9. Bb3 dxe4 10. Nc3 exf3 11. gxf3 b6 12. O-O-O Bb7 13. d5 c5 14. Qg5 h6
15. Qf5 Bc8 16. d6 Bxf5 17. h4 Qe8 18. Nge2 Qe3+ 19. Rd2 Qxf3 20. Rh2 Qg3 21.
Nxg3 Be6 22. Nge4 Nxe4 23. Nxe4 Bxb3 24. axb3 Nd7 25. Rdg2 Rae8 26. Rg4 f5 27.
Nf6+ Nxf6 28. Rg6 Rf7 29. Rhg2 Ng4 30. b4 Rf6 31. Rxf6 gxf6 32. Rd2 cxb4 33. d7
Rd8 34. h5 Ne5 35. b3 Rxd7 36. Kb2 Rxd2+ 37. Kc1 Rh2 38. Kb1 f4 39. Kc1 Rh1+ 40.
Kb2 f3 41. Kc2 f2 42. Kb2 f1=Q 43. Kc2 Qe2# 0-1

[Event "Dylan93"]
[Site "http://www.queenalice.com/game.php?id=267588"]
[Date "2007.9.6"]
[Round "1"]
[White "rom"]
[Black "papiro"]
[Result "1-0"]
[WhiteElo "1568"]
[BlackElo "1641"]

1. e4 e5 2. d4 exd4 3. Qxd4 Nc6 4. Qe3 d6 5. Nc3 Nf6 6. Nd5 Be6 7. Bc4 a6 8. a4
b5 9. axb5 axb5 10. Rxa8 Qxa8 11. Nxc7+ Kd7 12. Nxa8 Bxc4 13. Qb6 Ne8 14. b3 Be6
15. Qb7+ Nc7 16. Qxc7+ Ke8 17. Qxc6+ Bd7 18. Qd5 Be7 19. Nc7+ Kd8 20. Qa8+ Bc8
21. Nxb5 Re8 22. Qa5+ Kd7 23. Bf4 g5 24. Qc7+ Ke6 25. Bxd6 Bxd6 26. Nxd6 1-0

[Event "Challenge"]
[Site "http://www.queenalice.com/game.php?id=279314"]
[Date "2007.9.30"]
[Round "-"]
[White "Denorwaygths"]
[Black "papiro"]
[Result "1-0"]
[WhiteElo "1878"]
[BlackElo "1622"]

1. Nf3 d5 2. d4 Bf5 3. Nc3 e6 4. h4 Nc6 5. Nh2 Qxh4 6. g3 Qf6 7. Nb5 Rc8 8. Bf4
Ke7 9. Nf3 a6 10. Bg5 Qxg5 11. Nxg5 f6 12. Nxh7 axb5 13. e3 Bxh7 14. Bxb5 1-0

[Event "Challenge"]
[Site "http://www.queenalice.com/game.php?id=292842"]
[Date "2007.10.25"]
[Round "-"]
[White "Narciso"]
[Black "papiro"]
[Result "0-1"]
[WhiteElo "1441"]
[BlackElo "1623"]

1. d3 d5 2. e3 e5 3. Nc3 c6 4. Nh3 d4 5. Ne4 h6 6. Qf3 f5 7. Nd2 Bc5 8. b3 g5 9.
Bb2 g4 10. Qd1 gxh3 11. gxh3 Rh7 12. Qh5+ Rf7 13. Qg6 Ke7 14. Rg1 Rf8 15. Bg2
Rf7 16. Nc4 a6 17. exd4 exd4 18. Rd1 b5 19. Nd2 Ke8 20. Qxg8+ Rf8 21. Qg6+ Kd7
22. Qxh6 Kc7 23. Bxc6 Nxc6 24. Rg7+ Kb6 25. Kf1 Qd5 26. f3 Re8 27. c4 bxc4 28.
Nxc4+ Kb5 29. a3 Qxf3+ 30. Kg1 Qxd1+ 31. Kg2 Qxd3 32. a4+ Kb4 33. Ba3+ Kxb3 34.
Qc1 Bxa3 35. Qf1 Qxc4 36. Qd1+ Qc2+ 37. Qxc2+ Kxc2 38. Rf7 Bd6 39. Rf6 Rd8 40.
h4 Ne5 41. h5 d3 42. h6 d2 43. h7 d1=Q 0-1

[Event "PORTUGAL"]
[Site "http://www.queenalice.com/game.php?id=349362"]
[Date "2008.2.6"]
[Round "3"]
[White "gupi"]
[Black "papiro"]
[Result "0-1"]
[WhiteElo "1262"]
[BlackElo "1643"]

1. e4 e5 2. Nf3 d6 3. Bc4 a6 4. Ng5 Qxg5 5. d3 Qxg2 6. Qh5 g6 7. Qh4 Qxh1+ 8.
Kd2 b5 9. Bd5 Be7 10. Qg3 c6 11. Bb3 g5 12. Nc3 Nf6 13. Qxg5 Nxe4+ 14. Nxe4
Bxg5+ 15. Nxg5 d5 16. c4 f6 17. Nh3 Bxh3 18. cxd5 cxd5 19. Bxd5 Qxd5 0-1

[Event "PORTUGAL"]
[Site "http://www.queenalice.com/game.php?id=393138"]
[Date "2008.4.25"]
[Round "4"]
[White "papiro"]
[Black "csegura"]
[Result "0-1"]
[WhiteElo "1638"]
[BlackElo "1334"]

1. e4 e5 2. Bc4 Nc6 3. Qf3 Qf6 4. Qxf6 gxf6 5. Nf3 a6 6. O-O b5 7. Bd5 Bc5 8. c3
h5 9. b4 Bb6 10. d3 Bb7 11. Bb2 Nh6 12. d4 a5 13. dxe5 fxe5 14. Nxe5 Rg8 15. Nd2
f6 16. Bxg8 Nxg8 17. Nxc6 Bxc6 18. bxa5 Rxa5 19. Rfe1 Nh6 20. Nb3 Ra4 21. Nd4 d5
22. Nxc6 dxe4 0-1

[Event "Rapidinho-2"]
[Site "http://www.queenalice.com/game.php?id=426911"]
[Date "2008.7.3"]
[Round "3"]
[White "Jony"]
[Black "papiro"]
[Result "1-0"]
[WhiteElo "1507"]
[BlackElo "1610"]

1. e4 e5 2. Qh5 Nc6 3. Bc4 g6 4. Qf3 Qe7 5. Nh3 Nd4 6. Qd3 b5 7. Bxb5 a6 8. Ba4
Qc5 9. Na3 Qa5 10. b3 Bxa3 11. Bxa3 Bb7 12. Rc1 f5 13. c3 fxe4 14. Qe3 O-O-O 15.
cxd4 exd4 16. Qxd4 Nh6 17. Bd6 Nf5 18. Rxc7+ Kb8 19. Rc5+ Ka8 20. Qe5 Qb6 21.
Bc7 Qa7 22. O-O Rc8 23. Bxd7 Rcf8 24. Ng5 a5 25. Rxa5 Ba6 26. Bc6+ 1-0

[Event "Challenge"]
[Site "http://www.queenalice.com/game.php?id=428696"]
[Date "2008.7.6"]
[Round "-"]
[White "Viceroy"]
[Black "papiro"]
[Result "1-0"]
[WhiteElo "1721"]
[BlackElo "1651"]

1. f4 e6 2. Nf3 Nf6 3. e3 Bc5 4. b3 O-O 5. Bb2 b6 6. d4 Bd6 7. Nbd2 c5 8. e4 Bc7
9. e5 Nd5 10. Bd3 Nxf4 11. Rg1 Nxd3+ 12. cxd3 cxd4 13. Bxd4 d5 14. Bb2 Ba6 15.
d4 Nc6 16. a3 b5 17. Qc2 Ba5 18. Qxc6 Qc8 19. Rc1 Qxc6 20. Rxc6 1-0